000 00805na a2200229 4500
001 14738
003 MIRAKIL
005 20181213155149.0
008 160918b tu 000 0
035 _a14738
040 _aMilas
_btur
_cTR-AnCHP
082 _aCHP 351.00352 22/2
_bC36y 2004
090 _aCHP 351.00352 22/2 C36y 2004
110 _aCHP Grup Başkanlığı
245 _aTBMM Cumhuriyet Halk Partisi grubu 22. dönem 2. yasama yılı çalışmaları
_cTBMM CHP grup başkanlığı
260 _aAnkara
_bCHP
_c2004
300 _avi, 370 s.
_brnkl., fotg., tbl.
_c19 sm.
610 _aCHP
_xMeclis çalışmaları
_y22. Dönem, 2. Yasama
650 _aSiyasal parti grup çalışmaları
_xCHP
_zTürkiye
650 _aSiyasal partiler
_xCHP
_yGrup çalışmaları
_zTürkiye
942 _2ddc
_cBKS
999 _c7808
_d7808